[Event "III Open Dicembre"]
[Site "Arco ITA"]
[Date "2012.12.27"]
[Round "3"]
[White "Campini, Marco"]
[Black "Micheli, Carlo"]
[WhiteElo "2098"]
[BlackElo "2284"]
[Result "0-1"]
[PlyCount "114"]
[EventDate "2012.12.26"]

1. e4 c5 2. Nf3 e6 3. d4 cxd4 4. Nxd4 Qb6 5. Nb3 Qc7 6. Bd3 Nf6 7. f4 d6 8. O-O
Nbd7 9. Be3 b6 10. Nc3 a6 11. a4 Bb7 12. Qe2 Be7 13. g4 h6 14. Nd2 h5 15. g5
Ng4 16. Nd1 e5 17. f5 d5 18. h4 Nc5 19. Bxc5 Bxc5+ 20. Kg2 O-O 21. Nb3 Rfd8 22.
Rf3 Rac8 23. Rc1 Qc6 24. Nc3 Bd4 25. exd5 Qd6 26. Be4 Bxc3 27. bxc3 Qa3 28. Ra1
Qb2 29. Qd3 Rd7 30. c4 Rdc7 31. c5 bxc5 32. Qc4 a5 33. Rd1 Qa3 34. d6 Bxe4 35.
Qxe4 Rd7 36. Nxa5 Qb4 37. Nc4 Qxa4 38. f6 Qc6 39. Rd5 Re8 40. fxg7 Re6 41. Rfd3
Kxg7 42. Kg3 Qa4 43. Ra3 Qb4 44. Rb3 Qa4 45. Rxc5 Qa1 46. Qg2 Qe1+ 47. Kf3 e4+
48. Kf4 Qxh4 49. Rh3 Qe1 50. Ne3 Qc1 51. Rd5 Rdxd6 52. Rxd6 Rxd6 53. Qxe4 Qd2
54. Rxh5 Rd4 55. Rh7+ Kg8 56. Rh3 Rxe4+ 57. Kxe4 Nf2+ 0-1

[Event "III Open Dicembre"]
[Site "Arco ITA"]
[Date "2012.12.27"]
[Round "3"]
[White "De Santis, Alessio"]
[Black "Gehrke, Rolf"]
[WhiteElo "2281"]
[BlackElo "2064"]
[Result "1-0"]
[PlyCount "75"]
[EventDate "2012.12.26"]

1. b3 d6 2. Bb2 Nd7 3. g3 Ngf6 4. Bg2 g6 5. e4 Bg7 6. Ne2 O-O 7. O-O Ne8 8.
Bxg7 Nxg7 9. d4 e6 10. c4 c6 11. Nbc3 f5 12. Qd2 Qe7 13. Rae1 e5 14. b4 f4 15.
gxf4 exf4 16. f3 Nb6 17. Qd3 Nh5 18. c5 Nd7 19. Qc4+ Kg7 20. cxd6 Qxd6 21. e5
Qe7 22. Ne4 Nb6 23. Qc5 Qh4 24. N2c3 Be6 25. b5 cxb5 26. d5 Rac8 27. Qxb5 Bd7
28. Qb2 Nc4 29. Qxb7 Rf7 30. Qxa7 Bf5 31. Qd4 Kh6 32. e6 Rg7 33. Nb5 Ne3 34.
Rxe3 fxe3 35. Qxe3+ Nf4 36. Qd2 Bxe4 37. fxe4 g5 38. Nd6 1-0

[Event "III Open Dicembre"]
[Site "Arco ITA"]
[Date "2012.12.27"]
[Round "3"]
[White "Lettieri, Giuseppe"]
[Black "Horn, Peter"]
[WhiteElo "2380"]
[BlackElo "2149"]
[Result "1-0"]
[PlyCount "71"]
[EventDate "2012.12.26"]

1. d4 Nf6 2. c4 c5 3. d5 e5 4. Nc3 d6 5. e4 Nbd7 6. g4 g6 7. Be2 h5 8. g5 Nh7
9. h4 Be7 10. f4 exf4 11. Bxf4 Ne5 12. Nf3 f6 13. Nxe5 dxe5 14. gxf6 Bxf6 15.
Bg3 O-O 16. Qd2 Rf7 17. O-O-O Bd7 18. Qe3 b6 19. d6 Nf8 20. Nd5 Bg7 21. Qc3 Ne6
22. Bxe5 Nd4 23. Bxd4 Bxd4 24. Ne7+ Kh7 25. Rxd4 cxd4 26. Qxd4 Qf8 27. Rg1 Bg4
28. Bd3 Qh6+ 29. Kb1 Raf8 30. e5 Rg7 31. Nd5 Kh8 32. Nf6 Bf5 33. Rg5 Be6 34.
Be4 Rc8 35. d7 Rd8 36. Qd6 1-0

[Event "III Open Dicembre"]
[Site "Arco ITA"]
[Date "2012.12.27"]
[Round "3"]
[White "Perich, Stefano"]
[Black "Allegranti, Luca"]
[WhiteElo "1870"]
[BlackElo "1927"]
[Result "1/2-1/2"]
[PlyCount "31"]
[EventDate "2012.12.26"]

1. Nf3 d6 2. b3 f5 3. d4 Nf6 4. Bb2 g6 5. e3 Bg7 6. Nbd2 O-O 7. Bc4+ e6 8. O-O
Qe8 9. Qe2 d5 10. Bd3 Nbd7 11. Ba3 c5 12. Ne5 Nxe5 13. dxe5 Nd7 14. f4 b6 15.
c4 Bb7 16. b4 1/2-1/2

[Event "III Open Dicembre"]
[Site "Arco ITA"]
[Date "2012.12.27"]
[Round "3"]
[White "Raineri, Valerio"]
[Black "Binder, Andrea"]
[WhiteElo "2151"]
[BlackElo "1882"]
[Result "1/2-1/2"]
[PlyCount "77"]
[EventDate "2012.12.26"]

1. e4 d6 2. d4 Nf6 3. Nc3 g6 4. Be3 c6 5. f3 b5 6. Qd2 Nbd7 7. Nd1 Nb6 8. Bd3
a6 9. Ne2 Rb8 10. b3 e5 11. c3 Be6 12. Nf2 c5 13. d5 Bd7 14. O-O Bg7 15. f4 Ng4
16. Nxg4 Bxg4 17. Rac1 O-O 18. Ng3 exf4 19. Bxf4 Qe7 20. h3 Bc8 21. Bh6 Nd7 22.
Bxg7 Kxg7 23. Rf4 Ne5 24. Rcf1 b4 25. c4 Bd7 26. Bc2 a5 27. Qf2 a4 28. Rf6 axb3
29. axb3 Ra8 30. Qf4 Ra2 31. Bd1 Ra6 32. Qg5 Kh8 33. h4 Rg8 34. Qf4 Bf5 35. Qg5
Bd7 36. Qh6 Bf5 37. Qg5 Bd7 38. Qf4 Bf5 39. Qg5 1/2-1/2

[Event "III Open Dicembre"]
[Site "Arco ITA"]
[Date "2012.12.27"]
[Round "3"]
[White "Romagnoli, Roberto"]
[Black "Paniga, Danilo"]
[WhiteElo "2110"]
[BlackElo "1859"]
[Result "1-0"]
[PlyCount "91"]
[EventDate "2012.12.26"]

1. c4 f5 2. Nc3 Nf6 3. e3 g6 4. g3 Bg7 5. Bg2 d6 6. Nge2 e5 7. d4 e4 8. Bd2 Nc6
9. a3 O-O 10. h4 h6 11. Nf4 Ne7 12. Rc1 c6 13. Nce2 g5 14. hxg5 hxg5 15. Nh5
Nxh5 16. Rxh5 Bf6 17. Bc3 Be6 18. d5 Bf7 19. Rh2 Bxc3+ 20. Nxc3 c5 21. Kd2 Kg7
22. g4 Rh8 23. Rxh8 Qxh8 24. Qh1 fxg4 25. Nxe4 Nf5 26. Qxh8+ Rxh8 27. Rh1 Rxh1
28. Bxh1 Kh6 29. Ng3 Bg6 30. Nxf5+ Bxf5 31. e4 Bd7 32. Ke3 Kh5 33. e5 Kh4 34.
e6 Be8 35. Bg2 g3 36. f4 Kg4 37. fxg5 Kxg5 38. Kf3 Kh4 39. Kf4 Bg6 40. e7 Kh5
41. Be4 Be8 42. Kf5 Kh6 43. Ke6 Kg7 44. Kxd6 Kf6 45. Kc7 Kxe7 46. d6+ 1-0

[Event "III Open Dicembre"]
[Site "Arco ITA"]
[Date "2012.12.27"]
[Round "3"]
[White "Spornberger, Andre"]
[Black "Pellicoro, Roberto"]
[WhiteElo "2058"]
[BlackElo "1517"]
[Result "1-0"]
[PlyCount "65"]
[EventDate "2012.12.26"]

1. e4 e5 2. Nf3 Nc6 3. d4 exd4 4. Bc4 Bb4+ 5. c3 dxc3 6. bxc3 Be7 7. Qd5 Nh6 8.
Bxh6 O-O 9. Be3 d6 10. Nbd2 a6 11. a4 Be6 12. Qd3 Bd7 13. O-O Bf6 14. Nb3 Bg4
15. Nbd4 Bxd4 16. cxd4 Bxf3 17. gxf3 Nb4 18. Qb3 a5 19. Bd2 c5 20. Kh1 Qf6 21.
dxc5 dxc5 22. Rg1 Rfd8 23. Bg5 Qe5 24. Bxd8 Rxd8 25. Rad1 Rf8 26. Bxf7+ Kh8 27.
Rd7 Qf6 28. Bc4 g6 29. Be2 Rd8 30. Rxd8+ Qxd8 31. Qc3+ Kg8 32. Rd1 Qe7 33. Bc4+
1-0

[Event "III Open Dicembre"]
[Site "Arco ITA"]
[Date "2012.12.27"]
[Round "3"]
[White "Tagliaferri, Valerio"]
[Black "Spornberger, Maximilian"]
[WhiteElo "1814"]
[BlackElo "2265"]
[Result "0-1"]
[PlyCount "66"]
[EventDate "2012.12.26"]

1. e4 g6 2. d4 Bg7 3. Be3 d6 4. Bc4 e6 5. Nc3 Nd7 6. a3 a6 7. Nge2 Ne7 8. Qd2
b5 9. Ba2 h6 10. f3 Bb7 11. O-O-O Nb6 12. d5 e5 13. Qd3 Qd7 14. g4 Nec8 15. h4
Na7 16. b4 Nac8 17. h5 g5 18. Bb3 Na4 19. Bxa4 bxa4 20. Kd2 O-O 21. Rb1 Rd8 22.
Rb2 c6 23. Rhb1 cxd5 24. Nxd5 Bxd5 25. Qxd5 Ne7 26. Qd3 d5 27. Ke1 Qe6 28. Bc5
dxe4 29. Qxe4 f5 30. gxf5 Nxf5 31. c4 Nh4 32. Qg4 Qc6 33. Qe4 Nxf3+ 0-1

[Event "III Open Dicembre"]
[Site "Arco ITA"]
[Date "2012.12.28"]
[Round "4"]
[White "Binder, Andrea"]
[Black "Campini, Marco"]
[WhiteElo "1882"]
[BlackElo "2098"]
[Result "0-1"]
[PlyCount "110"]
[EventDate "2012.12.26"]

1. Nf3 c5 2. g3 Nc6 3. Bg2 d5 4. d3 Nf6 5. O-O e5 6. Nbd2 Bd6 7. e4 dxe4 8.
dxe4 Qe7 9. c3 O-O 10. Qe2 Bc7 11. Nc4 Rd8 12. Bg5 h6 13. Bxf6 Qxf6 14. Ne3 Ne7
15. Nh4 g6 16. Rfd1 Be6 17. Rxd8+ Rxd8 18. Rd1 Rxd1+ 19. Qxd1 a6 20. Nd5 Nxd5
21. exd5 Bc8 22. c4 Qe7 23. Qd3 Kh7 24. Qd1 Bd6 25. Qc2 Bd7 26. Bh1 f5 27. Bg2
e4 28. Bf1 f4 29. Ng2 g5 30. Qd1 Qf7 31. Qc2 Qg6 32. Qc3 Qf5 33. Qb3 Bc8 34.
Qb6 Qf8 35. Qb3 Qe7 36. Qd1 Bf5 37. Qc1 Qe5 38. Qc3 Qe7 39. Qb3 Be5 40. Qb6 e3
41. fxe3 fxg3 42. hxg3 Bxg3 43. e4 Bxe4 44. Qe6 Qxe6 45. dxe6 Be5 46. Ne3 Kg7
47. Bh3 Bd4 48. Kf2 h5 49. Ke2 Bxe3 50. Kxe3 Bc6 51. b4 cxb4 52. Kd4 Kf6 53.
Kc5 g4 54. Bf1 Kxe6 55. Kxb4 g3 0-1

[Event "III Open Dicembre"]
[Site "Arco ITA"]
[Date "2012.12.28"]
[Round "4"]
[White "Bisaro, Andrea"]
[Black "Raineri, Valerio"]
[WhiteElo "1777"]
[BlackElo "2151"]
[Result "0-1"]
[PlyCount "74"]
[EventDate "2012.12.26"]

1. d4 Nf6 2. c4 g6 3. Nc3 Bg7 4. e4 d6 5. f3 O-O 6. Be3 e5 7. d5 c6 8. Nge2 Ne8
9. Ng3 f5 10. exf5 gxf5 11. Bf2 Bh6 12. Bd3 Ng7 13. Qc2 Qf6 14. O-O Na6 15. Qe2
c5 16. a3 Nc7 17. b4 cxb4 18. axb4 e4 19. Ncxe4 fxe4 20. Bxe4 Bf4 21. Qc2 h5
22. Ne2 a6 23. Bb6 Nce8 24. Qd3 h4 25. Nxf4 Qxf4 26. Be3 Qf6 27. Bd4 Qd8 28.
Bh7+ Kh8 29. Rae1 Qg5 30. f4 Qh6 31. Bg6 Bg4 32. Re7 Bh5 33. Bxg7+ Nxg7 34.
Bxh5 Nxh5 35. Qd4+ Qf6 36. Qe3 Nxf4 37. Qe4 Nh3+ 0-1

[Event "III Open Dicembre"]
[Site "Arco ITA"]
[Date "2012.12.28"]
[Round "4"]
[White "Giancotti, Eraldo"]
[Black "Tagliaferri, Valerio"]
[WhiteElo "2040"]
[BlackElo "1814"]
[Result "1-0"]
[PlyCount "95"]
[EventDate "2012.12.26"]

1. d4 Nf6 2. Nc3 d5 3. Bg5 Nbd7 4. Qd3 h6 5. Bh4 c6 6. O-O-O Qa5 7. f3 b5 8. e4
dxe4 9. fxe4 b4 10. Nb1 e6 11. Nf3 Be7 12. e5 Nd5 13. Bxe7 Kxe7 14. Qb3 Rb8 15.
Bc4 Ba6 16. Nfd2 N7b6 17. Bxa6 Qxa6 18. Rdf1 Qe2 19. Qg3 Qh5 20. Rf3 Rbf8 21.
Rhf1 Qg6 22. Qf2 f5 23. Ne4 Nc8 24. Nc5 Qe8 25. Nd2 Qd8 26. Nc4 g5 27. Rb3 Qc7
28. a3 a5 29. axb4 axb4 30. Nd3 Ncb6 31. Nd6 Ra8 32. Nxb4 Ra1+ 33. Kd2 Rxf1 34.
Qxf1 Rb8 35. Na6 Qa7 36. Nxb8 Qxb8 37. Qa6 Qd8 38. c4 Nxc4+ 39. Nxc4 Nc7 40.
Qa3+ Kf7 41. Nd6+ Kg6 42. g4 Nb5 43. Nxb5 cxb5 44. gxf5+ Kxf5 45. Rf3+ Kg4 46.
Rg3+ Kh5 47. Qf3+ Kg6 48. Qf6+ 1-0

[Event "III Open Dicembre"]
[Site "Arco ITA"]
[Date "2012.12.28"]
[Round "4"]
[White "Marziali, Giulio"]
[Black "Lezzerini, Marco"]
[WhiteElo "1576"]
[BlackElo "1928"]
[Result "0-1"]
[PlyCount "42"]
[EventDate "2012.12.26"]

1. d4 d6 2. e4 Nf6 3. Nc3 g6 4. Nf3 Bg7 5. Bc4 O-O 6. Bg5 Nxe4 7. Nxe4 d5 8.
Bd3 dxe4 9. Bxe4 c5 10. c3 cxd4 11. Nxd4 Qa5 12. Bd2 Rd8 13. Qe2 Nd7 14. b4 Qe5
15. f4 Qb8 16. f5 Nf6 17. fxg6 hxg6 18. Bd3 e5 19. Nc2 Bg4 20. Qf1 Qd6 21. Nd4
exd4 0-1

[Event "III Open Dicembre"]
[Site "Arco ITA"]
[Date "2012.12.28"]
[Round "4"]
[White "Micheli, Carlo"]
[Black "De Santis, Alessio"]
[WhiteElo "2284"]
[BlackElo "2281"]
[Result "0-1"]
[PlyCount "96"]
[EventDate "2012.12.26"]

1. c4 f5 2. g3 Nf6 3. Bg2 e5 4. d3 Bc5 5. Nc3 O-O 6. Nh3 d6 7. e3 a5 8. O-O Nc6
9. Nb5 Bb6 10. d4 Qe7 11. b3 h6 12. Ba3 Nb4 13. Bb2 g5 14. c5 Bd7 15. Na3 dxc5
16. dxe5 Ng4 17. Nc4 Bb5 18. e4 Bxc4 19. bxc4 Nxe5 20. exf5 Rxf5 21. Be4 Rf6
22. Re1 Re6 23. Qh5 Nxc4 24. Nf4 gxf4 25. Bd5 Nxd5 26. Qxd5 Ne3 27. fxe3 fxg3
28. Re2 c6 29. Qc4 Re8 30. Rg2 Bc7 31. Rf1 b5 32. Qc3 Be5 33. Rxg3+ Kh8 34. Qc2
Rf6 35. Rxf6 Qxf6 36. Qe4 Re7 37. Qg4 Rg7 38. Qc8+ Kh7 39. Bxe5 Qxe5 40. Rxg7+
Qxg7+ 41. Kf2 Qf7+ 42. Ke1 Qd5 43. Qc7+ Kg6 44. Qg3+ Qg5 45. Qd6+ Kh5 46. Kf2
Qd5 47. Qe7 Kg6 48. a3 Qf7+ 0-1

[Event "III Open Dicembre"]
[Site "Arco ITA"]
[Date "2012.12.28"]
[Round "4"]
[White "Spornberger, Peter"]
[Black "Spornberger, Andre"]
[WhiteElo "1668"]
[BlackElo "2058"]
[Result "0-1"]
[PlyCount "116"]
[EventDate "2012.12.26"]

1. e4 e6 2. d4 d5 3. exd5 exd5 4. c4 Nf6 5. Nc3 Be6 6. Nf3 dxc4 7. Bxc4 Bxc4 8.
Qa4+ c6 9. Qxc4 Be7 10. O-O O-O 11. h3 Nbd7 12. Be3 Nb6 13. Qd3 Qc7 14. Rac1
Rad8 15. Qc2 Nbd5 16. Rfe1 Rfe8 17. a3 a6 18. Bg5 Nxc3 19. Qxc3 Nd5 20. Qd2 f6
21. Bh4 Bd6 22. Rxe8+ Rxe8 23. Re1 Rxe1+ 24. Qxe1 Kf7 25. Bg3 Bxg3 26. fxg3 Qe7
27. Qxe7+ Nxe7 28. Kf2 Ke6 29. g4 g6 30. g3 Nd5 31. g5 f5 32. Nd2 Nc7 33. Ke3
Kd5 34. Kd3 Ne6 35. Nf3 f4 36. g4 c5 37. dxc5 Nxc5+ 38. Ke2 Ne4 39. b3 b5 40.
h4 a5 41. h5 gxh5 42. gxh5 Ng3+ 43. Kd3 Nxh5 44. Nd4 Ke5 45. Nc6+ Kf5 46. Nd4+
Kxg5 47. Nxb5 Kg4 48. Nd4 Nf6 49. b4 axb4 50. axb4 Nd5 51. b5 f3 52. Nxf3 Kxf3
53. Kd4 Nb6 54. Kc5 Nc8 55. Kc6 Ke4 56. Kc7 Ne7 57. Kd6 Nd5 58. Ke6 h5 0-1

[Event "III Open Dicembre"]
[Site "Arco ITA"]
[Date "2012.12.28"]
[Round "4"]
[White "Thurner, Markus"]
[Black "Silini, Riccardo"]
[WhiteElo "1967"]
[BlackElo "1801"]
[Result "1-0"]
[PlyCount "45"]
[EventDate "2012.12.26"]

1. f4 d5 2. e3 Nf6 3. Nf3 Bg4 4. Be2 Nc6 5. Bb5 Qd7 6. c4 a6 7. Qa4 dxc4 8. Ne5
Qd5 9. Bxc6+ bxc6 10. O-O Qb5 11. Qc2 e6 12. Nc3 Qc5 13. Qa4 Bf5 14. Nxc6 Bd3
15. Ne5+ Ke7 16. b3 Bxf1 17. Ba3 Qxa3 18. Qxa3+ Ke8 19. Qa4+ Ke7 20. Rxf1 cxb3
21. axb3 Nd5 22. Nxd5+ exd5 23. Qc6 1-0

[Event "III Open Dicembre"]
[Site "Arco ITA"]
[Date "2012.12.28"]
[Round "4"]
[White "Trauth, Michael"]
[Black "Dappiano, Andrea"]
[WhiteElo "2155"]
[BlackElo "2183"]
[Result "1-0"]
[PlyCount "101"]
[EventDate "2012.12.26"]

1. Nf3 d6 2. g3 e5 3. Bg2 f5 4. d3 Nf6 5. c4 Nc6 6. Nc3 g6 7. O-O Bg7 8. Rb1
O-O 9. b4 h6 10. b5 Ne7 11. Qb3 Be6 12. Nd2 Nd7 13. Qc2 Rb8 14. e3 g5 15. f4
Ng6 16. Ne2 Nf6 17. Nf3 g4 18. Nd2 h5 19. e4 exf4 20. Nxf4 Nxf4 21. Rxf4 fxe4
22. Nxe4 Nxe4 23. Bxe4 Qe7 24. Be3 Rxf4 25. Bxf4 Bd4+ 26. Kg2 b6 27. Qd2 Rf8
28. Be3 Bg7 29. Re1 h4 30. Re2 h3+ 31. Kg1 Qf6 32. Qe1 Bf5 33. Rf2 Qe5 34. Bf4
Qd4 35. Be3 Qe5 36. Bf4 Qa1 37. Qxa1 Bxa1 38. Bxd6 cxd6 39. Rxf5 Rxf5 40. Bxf5
Kf7 41. Bxg4 Kf6 42. Bxh3 Ke5 43. Kf2 Bd4+ 44. Kf3 Bg1 45. Bf1 Kd4 46. h4 Be3
47. g4 Bc1 48. g5 Ke5 49. Kg4 Bd2 50. h5 Ke6 51. Bg2 1-0

[Event "III Open Dicembre"]
[Site "Arco ITA"]
[Date "2012.12.29"]
[Round "5"]
[White "Campini, Marco"]
[Black "Allegranti, Luca"]
[WhiteElo "2098"]
[BlackElo "1927"]
[Result "0-1"]
[PlyCount "76"]
[EventDate "2012.12.26"]

1. e4 e6 2. d4 d5 3. e5 c5 4. c3 Nc6 5. Nf3 cxd4 6. cxd4 Nge7 7. Nc3 Nf5 8. Be3
Qb6 9. Rb1 Be7 10. Bd3 Nxe3 11. fxe3 Nb4 12. Be2 f6 13. O-O O-O 14. Na4 Qd8 15.
a3 Nc6 16. b4 a6 17. Qb3 fxe5 18. dxe5 b5 19. Nc5 Bxc5 20. bxc5 Na5 21. Qc3 Nc4
22. Bd3 Ra7 23. a4 Bd7 24. Bxc4 dxc4 25. Rfd1 Qc7 26. Qd4 Rc8 27. c6 Bxc6 28.
Ng5 Bd7 29. Qe4 g6 30. Qh4 Bc6 31. Rd6 Bd5 32. e4 Qc5+ 33. Kh1 c3 34. Rc1 Qe3
35. Re1 Qc5 36. exd5 c2 37. Rc1 Qe3 38. Rxc2 Qc1+ 0-1

[Event "III Open Dicembre"]
[Site "Arco ITA"]
[Date "2012.12.29"]
[Round "5"]
[White "De Santis, Alessio"]
[Black "Spornberger, Maximilian"]
[WhiteElo "2281"]
[BlackElo "2265"]
[Result "1-0"]
[PlyCount "61"]
[EventDate "2012.12.26"]

1. d4 g6 2. e4 Bg7 3. c4 d6 4. Nc3 a6 5. Nf3 Bg4 6. Be2 Bxf3 7. Bxf3 Nc6 8. Be3
e5 9. Ne2 exd4 10. Nxd4 Ne5 11. Be2 Qh4 12. Qa4+ Kf8 13. O-O Qxe4 14. Rfe1 Nf6
15. Rad1 Nfd7 16. Bg5 Nc5 17. Qa3 b6 18. b4 Ne6 19. f3 Qb7 20. Nxe6+ fxe6 21.
f4 Nc6 22. Bf3 Re8 23. Qb3 b5 24. Kh1 bxc4 25. Qxc4 d5 26. Bxd5 exd5 27. Rxe8+
Kxe8 28. Qxd5 Kf8 29. Qc5+ Kg8 30. Qc4+ Kf8 31. Rd7 1-0

[Event "III Open Dicembre"]
[Site "Arco ITA"]
[Date "2012.12.29"]
[Round "5"]
[White "Lettieri, Giuseppe"]
[Black "Trauth, Michael"]
[WhiteElo "2380"]
[BlackElo "2155"]
[Result "1-0"]
[PlyCount "103"]
[EventDate "2012.12.26"]

1. c4 c5 2. g3 g6 3. Bg2 Bg7 4. Nc3 Nc6 5. Nf3 d6 6. O-O Nf6 7. d4 O-O 8. dxc5
dxc5 9. Be3 Qa5 10. Nd2 Ng4 11. Nb3 Nxe3 12. Nxa5 Nxd1 13. Nxc6 Nxb2 14. Nxe7+
Kh8 15. Rac1 Nxc4 16. Ne4 Ne5 17. Nxc5 Nc6 18. Bxc6 bxc6 19. Nxc8 Raxc8 20. Rc2
Rfd8 21. Rfc1 Bf8 22. Nd3 Ba3 23. Rb1 Rc7 24. Rc4 Bd6 25. Rbc1 Rdc8 26. e4 Kg7
27. f4 h5 28. h4 Kf8 29. Kf2 f6 30. Ke3 Kf7 31. e5 fxe5 32. fxe5 Bf8 33. Rf1+
Kg7 34. Ke4 Re8 35. Rf6 Rf7 36. Rcxc6 Rxf6 37. Rxf6 g5 38. hxg5 Be7 39. Ra6
Bxg5 40. Rxa7+ Kh6 41. Ra6+ Kh7 42. Kf5 Be3 43. Nf4 Rf8+ 44. Ke4 Bxf4 45. gxf4
Rg8 46. f5 h4 47. e6 h3 48. Ra3 Rg4+ 49. Ke5 Rh4 50. e7 h2 51. e8=Q h1=Q 52.
Ra7+ 1-0

[Event "III Open Dicembre"]
[Site "Arco ITA"]
[Date "2012.12.29"]
[Round "5"]
[White "Lezzerini, Marco"]
[Black "Horn, Peter"]
[WhiteElo "1928"]
[BlackElo "2149"]
[Result "1/2-1/2"]
[PlyCount "55"]
[EventDate "2012.12.26"]

1. c4 e5 2. g3 Nf6 3. Bg2 c6 4. d4 Bb4+ 5. Bd2 Bxd2+ 6. Qxd2 d6 7. dxe5 dxe5 8.
Qxd8+ Kxd8 9. Nf3 Re8 10. Nc3 Bf5 11. O-O Nbd7 12. Rfd1 Kc7 13. Rac1 a5 14. Nh4
Be6 15. Nd5+ Kb8 16. Nxf6 Nxf6 17. Nf3 Bg4 18. h3 Bxf3 19. exf3 Kc7 20. Rd2
Rad8 21. Rcd1 Rxd2 22. Rxd2 Nd7 23. Kf1 Nc5 24. b3 f6 25. h4 Re6 26. Bh3 Rd6
27. Rxd6 Kxd6 28. Ke2 1/2-1/2

[Event "III Open Dicembre"]
[Site "Arco ITA"]
[Date "2012.12.29"]
[Round "5"]
[White "Raineri, Valerio"]
[Black "Thurner, Markus"]
[WhiteElo "2151"]
[BlackElo "1967"]
[Result "1-0"]
[PlyCount "69"]
[EventDate "2012.12.26"]

1. e4 e6 2. Qe2 c5 3. f4 Nc6 4. Nf3 b6 5. g3 Bb7 6. d3 Nge7 7. Bh3 Nd4 8. Nxd4
cxd4 9. O-O Nc6 10. Nd2 Qc7 11. Nf3 Nb4 12. Rf2 Rc8 13. Ne1 Be7 14. a3 Nc6 15.
Nf3 b5 16. b3 Qb6 17. Bb2 b4 18. a4 a5 19. Raf1 Rc7 20. g4 h6 21. e5 Bc5 22.
Nd2 Ne7 23. Nc4 Qa6 24. Bg2 Nd5 25. Bc1 Be7 26. f5 Nc3 27. Qe1 Bxg2 28. Rxg2 d5
29. exd6 Bxd6 30. Nxd6+ Qxd6 31. Bf4 Qc6 32. Bxc7 Qxc7 33. fxe6 O-O 34. exf7+
Rxf7 35. Qe6 1-0

[Event "III Open Dicembre"]
[Site "Arco ITA"]
[Date "2012.12.29"]
[Round "5"]
[White "Romagnoli, Roberto"]
[Black "Benaglia, Giovanni"]
[WhiteElo "2110"]
[BlackElo "1939"]
[Result "0-1"]
[PlyCount "58"]
[EventDate "2012.12.26"]

1. c4 b6 2. Nc3 Bb7 3. d4 e6 4. Nf3 Bb4 5. Bd2 Nf6 6. e3 Bxc3 7. Bxc3 Ne4 8.
Bd3 O-O 9. O-O Nxc3 10. bxc3 f5 11. Re1 Nc6 12. e4 fxe4 13. Bxe4 Na5 14. Bxb7
Nxb7 15. Re3 Qf6 16. Qe2 Nd6 17. Ne5 Rad8 18. Rf3 Qe7 19. Re1 Rxf3 20. Nxf3 Qf6
21. Ne5 Nf7 22. Qe4 Nxe5 23. dxe5 Qe7 24. Qb7 Qc5 25. Qxa7 Rf8 26. Re3 Qxc4 27.
g3 g5 28. Qa3 Qd5 29. Qe7 Qd2 0-1

[Event "III Open Dicembre"]
[Site "Arco ITA"]
[Date "2012.12.29"]
[Round "5"]
[White "Tonina, Filippo"]
[Black "Gehrke, Rolf"]
[WhiteElo "1755"]
[BlackElo "2064"]
[Result "1/2-1/2"]
[PlyCount "86"]
[EventDate "2012.12.26"]

1. c4 c5 2. g3 g6 3. Bg2 Bg7 4. Nc3 Nc6 5. d3 Nf6 6. e4 O-O 7. Nge2 d6 8. O-O
Ne8 9. f4 Nd4 10. Nxd4 Bxd4+ 11. Kh1 Rb8 12. f5 e6 13. g4 Qh4 14. h3 Ng7 15.
fxg6 hxg6 16. Qe1 Qxe1 17. Rxe1 a6 18. Bf4 Be5 19. Be3 b5 20. cxb5 axb5 21.
Rab1 b4 22. Ne2 Ra8 23. d4 cxd4 24. Nxd4 Rxa2 25. Nc6 b3 26. Nxe5 dxe5 27. Bc5
Rd8 28. Ba3 Ba6 29. Re3 Rd4 30. Rxb3 f5 31. Re3 f4 32. Rc3 Ne8 33. g5 Be2 34.
Re1 Bd1 35. Bf3 Bxf3+ 36. Rxf3 Nd6 37. Rb3 Nxe4 38. Rb8+ Kf7 39. Rb7+ Kg8 40.
Rb8+ Kf7 41. Rb7+ Kg8 42. Rb8+ Kf7 43. Rb7+ Kg8 1/2-1/2

[Event "III Open Dicembre"]
[Site "Arco ITA"]
[Date "2012.12.29"]
[Round "6"]
[White "Allegranti, Luca"]
[Black "Lettieri, Giuseppe"]
[WhiteElo "1927"]
[BlackElo "2380"]
[Result "0-1"]
[PlyCount "94"]
[EventDate "2012.12.26"]

1. d4 d5 2. Nf3 Nf6 3. e3 c6 4. Ne5 g6 5. Bd3 Bg7 6. Nd2 O-O 7. O-O Ne8 8. f4
f6 9. Nxg6 hxg6 10. Bxg6 f5 11. Nf3 Rf6 12. Ne5 Rxg6 13. Nxg6 Nf6 14. Rf3 Qe8
15. Ne5 Nbd7 16. Nxd7 Bxd7 17. Rh3 Qg6 18. b3 Kf7 19. Rg3 Qh5 20. Qxh5+ Nxh5
21. Rf3 c5 22. Bb2 Rc8 23. Rc1 Bf6 24. c3 Bb5 25. a4 Bd3 26. Ba3 b6 27. dxc5
bxc5 28. b4 Ng7 29. Rf2 Ne6 30. Rd2 Bc4 31. h3 Nf8 32. g4 Nd7 33. g5 Bg7 34. a5
Nb8 35. Kg2 Nc6 36. bxc5 Nxa5 37. Rb2 Bd3 38. Kf2 Nc4 39. Rb3 a5 40. Bb2 Rxc5
41. Ra1 a4 42. Rxa4 Bc2 43. g6+ Kxg6 44. Ra6+ Bf6 45. Rb8 Nxb2 46. Rxb2 Rxc3
47. Ke2 Bd3+ 0-1

[Event "III Open Dicembre"]
[Site "Arco ITA"]
[Date "2012.12.29"]
[Round "6"]
[White "Gehrke, Rolf"]
[Black "Simoni, Giulio"]
[WhiteElo "2064"]
[BlackElo "1704"]
[Result "1/2-1/2"]
[PlyCount "41"]
[EventDate "2012.12.26"]

1. d4 Nf6 2. Nf3 d5 3. g3 g6 4. Bg2 Bg7 5. O-O O-O 6. c4 c6 7. Nbd2 Nbd7 8. b3
b6 9. Bb2 Bb7 10. Rc1 Rc8 11. Re1 e6 12. e4 dxe4 13. Ng5 c5 14. Ngxe4 Nxe4 15.
Nxe4 Qc7 16. Rc2 Bxe4 17. Bxe4 cxd4 18. Bxd4 Bxd4 19. Qxd4 Rfd8 20. Qe3 Nc5 21.
b4 1/2-1/2

[Event "III Open Dicembre"]
[Site "Arco ITA"]
[Date "2012.12.29"]
[Round "6"]
[White "Giancotti, Eraldo"]
[Black "De Santis, Alessio"]
[WhiteElo "2040"]
[BlackElo "2281"]
[Result "1/2-1/2"]
[PlyCount "28"]
[EventDate "2012.12.26"]

1. Nf3 c5 2. c4 g6 3. Nc3 Bg7 4. g3 Nc6 5. Bg2 e5 6. O-O Nge7 7. d3 O-O 8. Bg5
h6 9. Bxe7 Nxe7 10. Ne1 d6 11. Nc2 Rb8 12. Ne3 a6 13. Ned5 Nc6 14. Rb1 Bd7
1/2-1/2

[Event "III Open Dicembre"]
[Site "Arco ITA"]
[Date "2012.12.29"]
[Round "6"]
[White "Marziali, Giulio"]
[Black "Spornberger, Andre"]
[WhiteElo "1576"]
[BlackElo "2058"]
[Result "0-1"]
[PlyCount "54"]
[EventDate "2012.12.26"]

1. d4 g6 2. e4 Bg7 3. Nf3 d6 4. Nc3 Nd7 5. Bc4 e6 6. Bg5 Ne7 7. Qd2 h6 8. Be3
a6 9. O-O b6 10. Rae1 Bb7 11. Bb3 Nf6 12. Bf4 d5 13. Ne5 dxe4 14. f3 exf3 15.
Nxf7 Kxf7 16. Rxe6 Ned5 17. Qd3 Kxe6 18. Qxg6 Kd7 19. Qf5+ Ke7 20. Re1+ Kf8 21.
Re6 Bc8 22. Bxd5 Bxe6 23. Bxe6 Qxd4+ 24. Kf1 fxg2+ 25. Kxg2 Re8 26. Bxc7 Rxe6
27. Qxe6 Qg4+ 0-1

[Event "III Open Dicembre"]
[Site "Arco ITA"]
[Date "2012.12.29"]
[Round "6"]
[White "Micheli, Carlo"]
[Black "Raineri, Valerio"]
[WhiteElo "2284"]
[BlackElo "2151"]
[Result "1/2-1/2"]
[PlyCount "127"]
[EventDate "2012.12.26"]

1. c4 Nf6 2. g3 g6 3. Bg2 Bg7 4. Nc3 d6 5. d3 e5 6. Bd2 c6 7. Qc1 O-O 8. e4 Na6
9. Bh6 Nb4 10. Ke2 Ng4 11. Bxg7 Kxg7 12. Nh3 f5 13. f3 Nf6 14. a3 Na6 15. b4
Nc7 16. Qb2 Ne6 17. Raf1 Nd4+ 18. Kd2 b5 19. cxb5 cxb5 20. Ne2 Nxe2 21. Kxe2
Qe7 22. Nf2 Bb7 23. Rc1 Rac8 24. Bh3 Nd7 25. Rxc8 Bxc8 26. Rc1 Nb6 27. exf5
gxf5 28. f4 Re8 29. Kf1 Nd5 30. Re1 Kg6 31. Bg2 Bb7 32. fxe5 dxe5 33. g4 Nf4
34. gxf5+ Kxf5 35. Bxb7 Qxb7 36. Ne4 Qd5 37. Re3 Rg8 38. Qc2 Qd4 39. Ng3+ Kg4
40. Qd1+ Kg5 41. Rf3 h5 42. Ne2 Qd5 43. Nc3 Qe6 44. Qe1 Rf8 45. Qe4 Kh6 46. Nd5
Qg4 47. Nxf4 Rxf4 48. Rxf4 exf4 49. Qc6+ Kg5 50. Qxb5+ Kh4 51. Qe5 f3 52. Qe1+
Kh3 53. Qf2 Qf4 54. Kg1 Kg4 55. Qe1 Qd4+ 56. Qf2 Qxd3 57. Qg3+ Kf5 58. Qh3+ Kf4
59. Qh4+ Ke3 60. Qf2+ Ke4 61. Qh4+ Ke3 62. Qf2+ Ke4 63. Qh4+ Ke3 64. Qf2+
1/2-1/2